00826cpcaa2200265 a 4500001001300000003000400013005001700017008004100034010001700075040002900092072001200121100001400133245004600147300001500193300001800208300002200226506002200248545002300270520010400293546003600397610004100433650003700474656003200511999001700543mm 82040212 DLC20260227111714.0820525|||||||||||| eng  amm 82040212  aDLCcDLCdDLCedacsdDLC 7aN2lcmd1 aSlack, C.00aLetterpress book of C. Slack,f1846-1848. a1fvolume. a1fcontainer. a0.2flinear feet.0 aOpen to research.0 aRailroad official.8 aLetterpress book kept by Slack as an official of the Baltimore and Ohio Railroad at Cumberland, Md. aCollection material in English.20aBaltimore and Ohio Railroad Company. 0aRailroadszMarylandzCumberland. 7aRailroad officials.2itoamc c43592d43592